Normal view
MARC view
- Cosentino, Juan Carlos
Entry Nombre Personal
001 - NUMERO DE CONTROL
- campo de control: 37934
003 - IDENTIFICADOR DE NUMERO DE CONTROL
- campo de control: UPN
005 - FECHA Y HORA DE LA ÜLTIMA TRANSACCIÓN
- campo de control: 20210219194530.0
008 - DATOS DE LONGITUD FIJA
- campo de control de longitud fija: nabaccnnaabn|||||||||| b |nc|||||d
035 ## - NUMERO DE CONTROL
- Número de control: UPN11000010041
040 ## - FUENTE DE CATALOGACIÓN
- Lenguaje de catalogación: SPA
- Agencia de transcripción: UPN
100 1# - ENCABEZAMIENTO - NOMBRE PERSONAL
- Nombre personal: Cosentino, Juan Carlos
670 ## - FUENTE EN LA QUE SE LOCALIZARON DATOS
- Cita de la fuente: T
- Información localizada: Construcción de los conceptos Freudianos II
680 ## - NOTA PUBLICA DE ACCESO PÚBLICO
- Encabezamiento o subdivisión: Psicoanalista y profesor titular de la UBA
902 ## - CATALOGADOR
- Catalogador: MCM/091115
